| 000 | 00431nam a2200157Ia 4500 | ||
|---|---|---|---|
| 005 | 20250304094539.0 | ||
| 008 | 231217s9999 xx 000 0 und d | ||
| 020 | _a9788178815695 | ||
| 082 | _a302.23 PAR;1 R | ||
| 100 | _aPartha Sarathy, V ed. | ||
| 245 | 0 | _aMedia planning : concepts and experiences | |
| 260 |
_c2005 _bICFAI Press _aHyderabad |
||
| 300 | _aviii, 203 | ||
| 650 | _aMedia,planning,experiences | ||
| 942 | _cAA | ||
| 999 |
_c190658 _d190658 |
||